<?xml version="1.0" encoding="UTF-8"?>
<record
    xmlns:xsi="http://www.w3.org/2001/XMLSchema-instance"
    xsi:schemaLocation="http://www.loc.gov/MARC21/slim http://www.loc.gov/standards/marcxml/schema/MARC21slim.xsd"
    xmlns="http://www.loc.gov/MARC21/slim">

  <leader>01657nam0a2200397 i 4500</leader>
  <controlfield tag="001">RU\NLR\BIBL_A\010578186</controlfield>
  <controlfield tag="005">20260406012229.0</controlfield>
  <datafield tag="021" ind1=" " ind2=" ">
    <subfield code="a">RU</subfield>
    <subfield code="b">2014-82289</subfield>
    <subfield code="9">5005</subfield>
  </datafield>
  <datafield tag="035" ind1=" " ind2=" ">
    <subfield code="a">(NILC)LIBNET\0000462073</subfield>
  </datafield>
  <datafield tag="035" ind1=" " ind2=" ">
    <subfield code="a">(NLR Aleph) 010578186</subfield>
  </datafield>
  <datafield tag="090" ind1=" " ind2=" ">
    <subfield code="a">10450673</subfield>
    <subfield code="c">10450673</subfield>
  </datafield>
  <datafield tag="100" ind1=" " ind2=" ">
    <subfield code="a">20141226d2013    km y0rusy50      ca</subfield>
  </datafield>
  <datafield tag="101" ind1="0" ind2=" ">
    <subfield code="a">rus</subfield>
    <subfield code="a">ger</subfield>
  </datafield>
  <datafield tag="102" ind1=" " ind2=" ">
    <subfield code="a">RU</subfield>
  </datafield>
  <datafield tag="105" ind1=" " ind2=" ">
    <subfield code="a">y|||z|||000gb</subfield>
  </datafield>
  <datafield tag="200" ind1="1" ind2=" ">
    <subfield code="a">&#x410;&#x432;&#x441;&#x442;&#x440;&#x438;&#x439;&#x441;&#x43A;&#x430;&#x44F; &#x43B;&#x438;&#x440;&#x438;&#x43A;&#x430;: &#x418;&#x43D;&#x433;&#x435;&#x431;&#x43E;&#x440;&#x433; &#x411;&#x430;&#x445;&#x43C;&#x430;&#x43D;</subfield>
    <subfield code="d">Osterreichische Lyrik: Ingeborg Bachmann</subfield>
    <subfield code="e">&#x438;&#x437;&#x431;&#x440;&#x430;&#x43D;&#x43D;&#x44B;&#x435; &#x441;&#x442;&#x440;&#x430;&#x43D;&#x438;&#x446;&#x44B;</subfield>
    <subfield code="f">&#x421;&#x432;&#x435;&#x442;&#x43B;&#x430;&#x43D;&#x430; &#x41E;&#x434;&#x438;&#x43D;&#x446;&#x43E;&#x432;&#x430;</subfield>
    <subfield code="g">[&#x43F;&#x435;&#x440;. &#x441; &#x43D;&#x435;&#x43C;., &#x441;&#x43E;&#x441;&#x442;., &#x432;&#x441;&#x442;&#x443;&#x43F;. &#x441;&#x442;. &#x421;. &#x421;. &#x41E;&#x434;&#x438;&#x43D;&#x446;&#x43E;&#x432;&#x43E;&#x439;]</subfield>
    <subfield code="z">ger</subfield>
  </datafield>
  <datafield tag="210" ind1=" " ind2=" ">
    <subfield code="a">&#x41B;&#x438;&#x43F;&#x435;&#x446;&#x43A;</subfield>
    <subfield code="c">&#x41B;&#x413;&#x41F;&#x423;</subfield>
    <subfield code="d">2013</subfield>
  </datafield>
  <datafield tag="215" ind1=" " ind2=" ">
    <subfield code="a">75 &#x441;.</subfield>
    <subfield code="d">21</subfield>
  </datafield>
  <datafield tag="300" ind1=" " ind2=" ">
    <subfield code="a">&#x422;&#x435;&#x43A;&#x441;&#x442; &#x441;&#x442;&#x438;&#x445;&#x43E;&#x432; &#x43F;&#x430;&#x440;&#x430;&#x43B;. : &#x440;&#x443;&#x441;., &#x43D;&#x435;&#x43C;.</subfield>
  </datafield>
  <datafield tag="320" ind1=" " ind2=" ">
    <subfield code="a">&#x411;&#x438;&#x431;&#x43B;&#x438;&#x43E;&#x433;&#x440;.: &#x441;. 72-73 (21 &#x43D;&#x430;&#x437;&#x432;.)</subfield>
  </datafield>
  <datafield tag="510" ind1="1" ind2=" ">
    <subfield code="6">z45790</subfield>
    <subfield code="a">Osterreichische Lyrik: Ingeborg Bachmann</subfield>
    <subfield code="z">ger</subfield>
  </datafield>
  <datafield tag="686" ind1=" " ind2=" ">
    <subfield code="a">84(4&#x410;&#x432;&#x441;)</subfield>
    <subfield code="v">LBC/RL</subfield>
    <subfield code="2">rubbk</subfield>
  </datafield>
  <datafield tag="686" ind1="2" ind2=" ">
    <subfield code="a">&#x428;6(2=&#x420;)8-57</subfield>
  </datafield>
  <datafield tag="686" ind1="1" ind2=" ">
    <subfield code="a">&#x428;6(4&#x410;)67-5&#x44F;44(&#x41B;&#x445;1349-175)</subfield>
  </datafield>
  <datafield tag="700" ind1=" " ind2="1">
    <subfield code="a">&#x41E;&#x434;&#x438;&#x43D;&#x446;&#x43E;&#x432;&#x430;</subfield>
    <subfield code="b">&#x421;. &#x421;.</subfield>
    <subfield code="f">1939-</subfield>
    <subfield code="g">&#x421;&#x432;&#x435;&#x442;&#x43B;&#x430;&#x43D;&#x430; &#x421;&#x430;&#x43B;&#x438;&#x43C;&#x43E;&#x432;&#x43D;&#x430;</subfield>
    <subfield code="4">220</subfield>
    <subfield code="4">730</subfield>
  </datafield>
  <datafield tag="702" ind1=" " ind2="1">
    <subfield code="4">570</subfield>
    <subfield code="8">rus</subfield>
    <subfield code="7">ca</subfield>
    <subfield code="a">&#x411;&#x430;&#x445;&#x43C;&#x430;&#x43D;</subfield>
    <subfield code="b">&#x418;.</subfield>
    <subfield code="f">1926-1973</subfield>
    <subfield code="g">&#x418;&#x43D;&#x433;&#x435;&#x431;&#x43E;&#x440;&#x433;</subfield>
    <subfield code="3">RU\NLR\AUTH\77117741</subfield>
    <subfield code="9">100666</subfield>
  </datafield>
  <datafield tag="790" ind1=" " ind2="1">
    <subfield code="6">z45510</subfield>
    <subfield code="a">Odincova</subfield>
    <subfield code="b">S.S.</subfield>
    <subfield code="f">1939-</subfield>
    <subfield code="g">Svetlana Salimovna</subfield>
  </datafield>
  <datafield tag="801" ind1=" " ind2="0">
    <subfield code="a">RU</subfield>
    <subfield code="b">&#x41B;&#x438;&#x43F;&#x435;&#x446;&#x43A;&#x430;&#x44F; &#x41E;&#x423;&#x41D;&#x411;</subfield>
    <subfield code="c">20140708</subfield>
    <subfield code="g">rcr</subfield>
  </datafield>
  <datafield tag="801" ind1=" " ind2="1">
    <subfield code="a">RU</subfield>
    <subfield code="b">&#x41B;&#x438;&#x43F;&#x435;&#x446;&#x43A;&#x430;&#x44F; &#x41E;&#x423;&#x41D;&#x411;</subfield>
    <subfield code="c">20140708</subfield>
    <subfield code="g">rcr</subfield>
    <subfield code="2">rusmarc</subfield>
  </datafield>
  <datafield tag="830" ind1=" " ind2=" ">
    <subfield code="a">195</subfield>
  </datafield>
  <datafield tag="942" ind1=" " ind2=" ">
    <subfield code="c">BOOK</subfield>
  </datafield>
  <datafield tag="980" ind1=" " ind2=" ">
    <subfield code="a">NBR</subfield>
  </datafield>
</record>
